书目信息 |
| 题名: |
第一桶金
|
|
| 作者: | 张利 编著 | |
| 分册: | ||
| 出版信息: | 北京 中国纺织出版社 2014.01 |
|
| 页数: | 196页 | |
| 开本: | 24cm | |
| 丛书名: | ||
| 单 册: | ||
| 中图分类: | F270-49 | |
| 科图分类: | ||
| 主题词: | 企业经济 | |
| 电子资源: | ||
| ISBN: | 7-5180-0140-3 | |
| 000 | 00661nam0 2200205 450 | |
| 001 | 1639305931 | |
| 005 | 20160405154446.31 | |
| 010 | @a7-5180-0140-3@dCNY29.80 | |
| 100 | @a20160405d2014 km y0chiy0120 ea | |
| 101 | 0 | @achi |
| 102 | @aCN@b110000 | |
| 200 | 1 | @a第一桶金@Adi yi tong jin@e改变人生的50个创业传奇@f张利编著@Fzhang li bian zhu |
| 210 | @a北京@c中国纺织出版社@d2014.01 | |
| 215 | @a196页@d24cm | |
| 517 | 1 | @a改变人生的50个创业传奇@Agai bian ren sheng de 50 ge chuang ye chuan qi |
| 606 | 0 | @a企业经济 |
| 690 | @aF270-49@v4 | |
| 701 | 0 | @a张利@Azhang li@4编著 |
| 801 | 0 | @aCN@b大连网信软件有限公司图书馆·11@c20160405 |
| 905 | @aZUCC@dF270-49@eZ1331 | |
| 第一桶金:改变人生的50个创业传奇/张利编著.-北京:中国纺织出版社,2014.01 |
| 196页;24cm |
| ISBN 7-5180-0140-3:CNY29.80 |
| ● |
| 相关链接 |
|
|
|
正题名:第一桶金
索取号:F270-49/Z1331
 
预约/预借
| 序号 | 登录号 | 条形码 | 馆藏地/架位号 | 状态 | 备注 |
| 1 | 1222529 | 212225297 | 社科库409/409社科库 86排2列2层/ [索取号:F270-49/Z1331] | 在馆 |